[Event "Mitropa Cup (Women) 2nd"]
[Site "Steinbrunn"]
[Date "2005.05.25"]
[Round "5"]
[White "Cedikova, Katerina"]
[Black "Saric, Kristina"]
[Result "1-0"]
[WhiteElo "2258"]
[BlackElo "2147"]
[PlyCount "65"]
[EventDate "2005.05.21"]
[EventType "team-tourn"]
[EventRounds "9"]
[EventCountry "AUT"]
[Source "ChessBase"]
[SourceDate "2005.07.01"]
[WhiteTeam "Czech Republic (W)"]
[BlackTeam "Croatia (W)"]
[WhiteTeamCountry "CZE"]
[BlackTeamCountry "CRO"]

1. d4 d5 2. Nf3 e6 3. c4 c6 4. Nc3 dxc4 5. e3 b5 6. a4 Bb4 7. g3 Bb7 8. Bg2 a6
9. O-O Nf6 10. Ne5 Qb6 11. e4 O-O 12. Be3 c5 13. dxc5 Bxc5 14. Bg5 Rd8 15. Qe2
Be7 16. axb5 axb5 17. Rxa8 Bxa8 18. Ng4 Nbd7 19. e5 Bxg2 20. Kxg2 Nxg4 21. Bxe7
Re8 22. Bd6 Nh6 23. g4 Nc5 24. Qe3 Qc6+ 25. Kg3 Nd3 26. Ne4 Kh8 27. Nf6 Rd8 28.
Be7 Ra8 29. Nh5 Qd5 30. Bf6 gxf6 31. Qxh6 Qxe5+ 32. f4 Qe3+ 33. Kh4 1-0

[Event "Mitropa Cup (Women) 2nd"]
[Site "Steinbrunn"]
[Date "2005.05.25"]
[Round "5"]
[White "Benmesbah, Natacha"]
[Black "Rozic, Vesna"]
[Result "0-1"]
[WhiteElo "2113"]
[BlackElo "2164"]
[PlyCount "106"]
[EventDate "2005.05.21"]
[EventType "team-tourn"]
[EventRounds "9"]
[EventCountry "AUT"]
[Source "ChessBase"]
[SourceDate "2005.07.01"]
[WhiteTeam "France (W)"]
[BlackTeam "Slovenia (W)"]
[WhiteTeamCountry "FRA"]
[BlackTeamCountry "SLO"]

1. e4 e6 2. d4 d5 3. Nc3 dxe4 4. Nxe4 Nd7 5. Nf3 Ngf6 6. Nxf6+ Nxf6 7. c3 c5 8.
Ne5 a6 9. Be3 Qc7 10. Bd3 Bd6 11. Nc4 Be7 12. Qf3 Nd5 13. O-O O-O 14. Ne5 Bd6
15. Qh3 f5 16. Rfe1 Bxe5 17. dxe5 c4 18. Bc2 Bd7 19. Qh4 Be8 20. Rad1 Rc8 21.
Bd4 b6 22. b3 b5 23. f3 Bg6 24. Qf2 Rfd8 25. Ra1 Be8 26. a4 cxb3 27. Bxb3 bxa4
28. Bxa4 Bxa4 29. Rxa4 Qc6 30. Rea1 Nxc3 31. Rxa6 Qc4 32. Bxc3 Qxc3 33. Qb6
Qxe5 34. Qxe6+ Qxe6 35. Rxe6 Rd2 36. Rae1 Rcc2 37. Re8+ Kf7 38. R8e7+ Kg6 39.
R1e6+ Kh5 40. g4+ fxg4 41. fxg4+ Kh4 42. Re5 h6 43. Rf7 g6 44. Re3 Rg2+ 45. Kf1
Rxh2 46. Kg1 Rcg2+ 47. Kf1 Rxg4 48. Rff3 h5 49. Rd3 Rb2 50. Rh3+ Kg5 51. Rd5+
Kh6 52. Re5 Rgg2 53. Re4 Rh2 0-1

[Event "Mitropa Cup (Women) 2nd"]
[Site "Steinbrunn"]
[Date "2005.05.25"]
[Round "5"]
[White "Muzychuk, Anna"]
[Black "Cochet, Caroline"]
[Result "1-0"]
[WhiteElo "2363"]
[BlackElo "2086"]
[PlyCount "36"]
[EventDate "2005.05.21"]
[EventType "team-tourn"]
[EventRounds "9"]
[EventCountry "AUT"]
[Source "ChessBase"]
[SourceDate "2005.07.01"]
[WhiteTeam "Slovenia (W)"]
[BlackTeam "France (W)"]
[WhiteTeamCountry "SLO"]
[BlackTeamCountry "FRA"]

1. e4 c5 2. Nc3 Nc6 3. Bb5 Nd4 4. Nf3 Nxb5 5. Nxb5 a6 6. Nc3 g6 7. d4 Bg7 8.
Be3 Nf6 9. dxc5 Ng4 10. Qd2 Nxe3 11. Qxe3 O-O 12. O-O-O Qa5 13. e5 f6 14. Kb1
fxe5 15. Nd5 e6 16. Ne7+ Kh8 17. Nxe5 Bf6 18. Qh6 Qd8 1-0

[Event "Mitropa Cup (Women) 2nd"]
[Site "Steinbrunn"]
[Date "2005.05.25"]
[Round "5"]
[White "Borosova, Zuzana"]
[Black "Seps, Monika"]
[Result "0-1"]
[WhiteElo "2212"]
[BlackElo "2116"]
[PlyCount "106"]
[EventDate "2005.05.21"]
[EventType "team-tourn"]
[EventRounds "9"]
[EventCountry "AUT"]
[Source "ChessBase"]
[SourceDate "2005.07.01"]
[WhiteTeam "Slovakia (W)"]
[BlackTeam "Switzerland (W)"]
[WhiteTeamCountry "SVK"]
[BlackTeamCountry "SUI"]

1. e4 c5 2. Nf3 d6 3. d4 cxd4 4. Nxd4 Nf6 5. Nc3 a6 6. Bc4 e6 7. Bb3 b5 8. O-O
Be7 9. Qf3 Qc7 10. Qg3 O-O 11. Bh6 Ne8 12. Rad1 Bd7 13. Nf3 Nc6 14. Bg5 Bxg5
15. Nxg5 h6 16. Nh3 Na5 17. f4 Nxb3 18. cxb3 b4 19. Ne2 Nf6 20. Nf2 Qb6 21. Kh1
Bb5 22. Rfe1 Bxe2 23. Rxe2 Rac8 24. Ng4 Nxg4 25. Qxg4 Rc5 26. Red2 Qc6 27. f5
Re5 28. f6 g6 29. Re2 a5 30. Qf4 Kh7 31. Re3 Rc8 32. Rde1 Qc2 33. R3e2 Qd3 34.
Qf2 d5 35. Qf3 Qxf3 36. gxf3 dxe4 37. fxe4 g5 38. Rf2 Kg6 39. Kg2 Rd8 40. Kg3
Rd4 41. Kf3 h5 42. Ree2 Rd3+ 43. Re3 g4+ 44. Kf4 Rxe3 45. Kxe3 Rg5 46. Kd4 h4
47. e5 g3 48. hxg3 hxg3 49. Rg2 Kf5 50. a4 Kf4 51. Kc5 Kxe5 52. Kc4 Ke4 53. Rh2
Kf3 0-1

[Event "Mitropa Cup (Women) 2nd"]
[Site "Steinbrunn"]
[Date "2005.05.25"]
[Round "5"]
[White "Heinatz, Gundula"]
[Black "Hagarova, Zuzana"]
[Result "1/2-1/2"]
[WhiteElo "2252"]
[BlackElo "2386"]
[PlyCount "90"]
[EventDate "2005.05.21"]
[EventType "team-tourn"]
[EventRounds "9"]
[EventCountry "AUT"]
[Source "ChessBase"]
[SourceDate "2005.07.01"]
[WhiteTeam "Switzerland (W)"]
[BlackTeam "Slovakia (W)"]
[WhiteTeamCountry "SUI"]
[BlackTeamCountry "SVK"]

1. d4 Nf6 2. c4 e6 3. Nf3 c5 4. d5 d6 5. Nc3 exd5 6. cxd5 g6 7. e4 Bg7 8. Be2
O-O 9. O-O Re8 10. Nd2 Nbd7 11. h3 a6 12. a4 Qc7 13. Re1 Ne5 14. f4 Ned7 15.
Bc4 b5 16. axb5 Nb6 17. Bf1 c4 18. bxa6 Qc5+ 19. Kh2 Nh5 20. Nf3 Bh6 21. Qd4
Qb4 22. e5 Bxa6 23. Ne4 Bb7 24. Rxa8 Rxa8 25. Bd2 Qb3 26. Nxd6 Bxd5 27. Be2 Ng7
28. Bd1 Ne6 29. Bxb3 Nxd4 30. Nxd4 cxb3 31. Ne4 Ra2 32. Nf6+ Kf8 33. Bc1 Bc4
34. Rd1 Nd5 35. Nxh7+ Kg7 36. Ng5 Ra1 37. Rg1 Rb1 38. h4 Nb4 39. Bd2 Rxg1 40.
Kxg1 Nd3 41. Bc3 Nxf4 42. e6 Bxg5 43. hxg5 Kf8 44. exf7 Ne2+ 45. Nxe2 Bxe2
1/2-1/2

[Event "Mitropa Cup 24th"]
[Site "Steinbrunn"]
[Date "2005.05.24"]
[Round "4"]
[White "Kovacevic, Blazimir"]
[Black "Pelletier, Yannick"]
[Result "0-1"]
[WhiteElo "2510"]
[BlackElo "2610"]
[Annotator "Pelletier"]
[PlyCount "92"]
[EventDate "2005.05.21"]
[EventType "team-tourn"]
[EventRounds "9"]
[EventCountry "AUT"]
[Source "ChessBase"]
[SourceDate "2005.07.01"]
[WhiteTeam "Croatia"]
[BlackTeam "Switzerland"]
[WhiteTeamCountry "CRO"]
[BlackTeamCountry "SUI"]

1. d4 e6 2. c4 Nf6 3. Nc3 Bb4 4. e3 O-O 5. Nge2 d5 6. a3 Bd6 7. c5 Be7 8. b4 c6
9. Bb2 b6 10. Nf4 Nbd7 11. Be2 Qc7 (11... a5 12. O-O) 12. O-O Re8 ({Besser ist
wohl} 12... bxc5 13. bxc5 e5 14. Nd3 exd4 (14... e4 15. Nf4) 15. exd4 a5 $13)
13. Nd3 Ba6 14. f4 $5 Ne4 ({Das Gleichgewicht hielt} 14... Bc4 $5 15. Ne5 Bxe2
16. Qxe2 a5 $1 17. b5 (17. e4 dxe4 18. Nxe4 axb4 19. axb4 Nd5) 17... bxc5 18.
bxc6 Nxe5 19. fxe5 Ne4 20. Nxe4 (20. Qf3 Ng5 21. Qf2 f5) 20... dxe4 $13) 15.
Nxe4 dxe4 16. Ne5 Bxe2 17. Qxe2 f6 (17... b5 18. Qc2 f5 19. Qb3 $36) 18. cxb6
$5 (18. Nxd7 Qxd7 19. a4 Red8 $132 {/\ bc5}) 18... Nxb6 $6 {[%csl Gd5][%cal
Gd5e3]} ({Sehr optimistisch gespielt. Zwar spielt der Springer auf d5 eine
sehr aktive Rolle, aber die Schwäche auf c6 wiegt schwerer. Nach} 18... axb6
19. Nc4 b5 20. Na5 Rac8 21. Rac1 Qd6 22. Rc2 (22. Qc2 f5 23. Nxc6 Bf8 24. a4
bxa4 25. Qxa4 Nb6 26. Qb5 Nd5 $36) 22... Bd8 23. Nb7 Qb8 24. Nc5 Nxc5 25. dxc5
Bc7 26. Qg4 Kh8 {ist das Spiel etwa gleich}) 19. Nc4 Nd5 20. Rac1 {[%csl Rc6]}
Rac8 21. Rc2 Qd7 22. Rfc1 Rc7 (22... Bd8 23. Nd2 f5 24. b5) 23. Nd2 $6 ({Weiß
möchte f5 erzwingen, um dann das Feld e5 besetzen zu können. Aber die
verbrauchte Zeit ist kostbar. Besser war} 23. g4 $1 Rec8 24. Qg2 {[%csl Re4]}
f5 25. g5 {, um das schwarze Spiel am Königsflügel im Keim zu ersticken. Die
einzige Chance zum Gegenspiel läge dann im Bauernopfer} a5 $1 26. bxa5 Qe8 {
[%csl Gd5][%cal Gc6c5] , auch wenn ich an die vollwertige schwarze
Kompensation zweifle.}) (23. g3 Rec8 24. Qg2 f5 25. Ne5 Qe8 26. Qd2 a5 $132 {
gibt übrigens Gegenspiel.}) 23... f5 24. Nc4 Bf6 25. Ne5 (25. g4 g5 $132) 25...
Bxe5 26. dxe5 Rec8 27. Bd4 $2 ({Ein böser Einsteller. Nach} 27. g3 a5 $13 {oder
}) (27. Qd2 a5 28. Bd4 (28. bxa5 c5 $13) 28... axb4 29. axb4 Rb7 30. Bc5 h6 $13
{bliebe die Stellung kompliziert.}) 27... Nxf4 28. exf4 Qxd4+ 29. Qf2 (29. Kf1
Rd8) 29... e3 $6 ({Auch nach dem genaueren} 29... Qd3 30. Rc3 Qd7 31. h3 h6 32.
Kh2 Kh7 $15 {hat Weiß ausgezeichnete Rettungschancen.}) 30. Qf3 c5 31. b5 $2 ({
Danach geht's abwärts. Richtig war} 31. Rc4 $1 Qd2 ({das geplante} 31... cxb4 {
bringt nichts ein:} 32. Rxc7 (32. Rxd4 Rxc1+ 33. Rd1 b3 $19) 32... e2+ (32...
Rxc7 33. Qa8+ Kf7 34. Rxc7+ Kg6 35. Qe8+ Kh6 36. Qxe6+ g6 37. Rxh7+ Kxh7 38.
Qe7+ $11) 33. Kh1 Rxc7 34. Qa8+ Kf7 35. Rxc7+ Kg6 36. Qe8+ Kh6 37. Qxe6+ g6 38.
Rxh7+ Kxh7 39. Qe7+ $11) 32. R1c2 e2 33. Qxe2 Qxe2 34. Rxe2 cxb4 35. Rxb4 $11)
({Ebenfalls fehlerhaft war übrigens} 31. bxc5 $2 Rxc5 32. Rxc5 e2+ 33. Qf2 Rxc5
34. Re1 Qd2 35. Qxe2 Qxf4 $17) 31... Qd3 32. Rc3 (32. a4 Qb3 33. Rc4 Rd8 $36)
32... Qxb5 33. Qxe3 c4 34. Rd1 Rd7 $17 35. Rd6 $6 Rxd6 36. exd6 Qd5 37. Qe5 Rc6
38. h3 a5 39. Rg3 g6 40. Re3 (40. Rc3 Rxd6 41. Rxc4 Qxe5 42. fxe5 Rd5) 40...
Qxd6 41. Qxa5 c3 42. Re1 c2 43. Qa8+ (43. Rc1 Qxf4) 43... Kg7 44. Qa7+ Kh6 45.
Qe3 Qd1 46. Qg3 Qxe1+ 0-1

[Event "Mitropa Cup 24th"]
[Site "Steinbrunn"]
[Date "2005.05.25"]
[Round "5"]
[White "Csom, Istvan"]
[Black "Kuba, Guenter"]
[Result "1-0"]
[WhiteElo "2454"]
[BlackElo "2364"]
[PlyCount "63"]
[EventDate "2005.05.21"]
[EventType "team-tourn"]
[EventRounds "9"]
[EventCountry "AUT"]
[Source "ChessBase"]
[SourceDate "2005.07.01"]
[WhiteTeam "Hungary"]
[BlackTeam "Austria"]
[WhiteTeamCountry "HUN"]
[BlackTeamCountry "AUT"]

1. c4 e5 2. d3 Nf6 3. e3 Nc6 4. a3 g6 5. Qc2 Bg7 6. Be2 O-O 7. Nf3 Re8 8. Nbd2
d6 9. O-O Bf5 10. Ne4 a5 11. b3 h6 12. Bb2 g5 13. Nfd2 Nd7 14. Ng3 Bg6 15. Bg4
Ne7 16. f4 gxf4 17. exf4 f5 18. Bh3 Rf8 19. Rae1 Rf7 20. Bc3 Kh7 21. Rf2 Qh8
22. Nf3 exf4 23. Bxg7 Qxg7 24. Ne2 Bh5 25. Nxf4 Bxf3 26. Rxf3 Qd4+ 27. Kh1 Ne5
28. Rff1 Qb6 29. Qd1 N7c6 30. Nd5 Qd4 31. Bxf5+ Kg7 32. Nf4 1-0

[Event "Mitropa Cup 24th"]
[Site "Steinbrunn"]
[Date "2005.05.25"]
[Round "5"]
[White "Ragger, Markus"]
[Black "Czebe, Attila"]
[Result "1/2-1/2"]
[WhiteElo "2399"]
[BlackElo "2473"]
[PlyCount "37"]
[EventDate "2005.05.21"]
[EventType "team-tourn"]
[EventRounds "9"]
[EventCountry "AUT"]
[Source "ChessBase"]
[SourceDate "2005.07.01"]
[WhiteTeam "Austria"]
[BlackTeam "Hungary"]
[WhiteTeamCountry "AUT"]
[BlackTeamCountry "HUN"]

1. e4 g6 2. d4 Bg7 3. Nc3 d6 4. Be3 a6 5. f4 b5 6. Nf3 Bb7 7. Bd3 Nd7 8. e5 Nh6
9. Qe2 Nf5 10. Bf2 Nb6 11. e6 Bxf3 12. exf7+ Kxf7 13. Qxf3 Nxd4 14. Bxd4 Bxd4
15. f5 Bxc3+ 16. bxc3 Kg7 17. Qg3 Rf8 18. O-O Rf6 19. fxg6 1/2-1/2

[Event "Mitropa Cup 24th"]
[Site "Steinbrunn"]
[Date "2005.05.25"]
[Round "5"]
[White "Ruck, Robert"]
[Black "Neubauer, Martin"]
[Result "1/2-1/2"]
[WhiteElo "2551"]
[BlackElo "2457"]
[PlyCount "131"]
[EventDate "2005.05.21"]
[EventType "team-tourn"]
[EventRounds "9"]
[EventCountry "AUT"]
[Source "ChessBase"]
[SourceDate "2005.07.01"]
[WhiteTeam "Hungary"]
[BlackTeam "Austria"]
[WhiteTeamCountry "HUN"]
[BlackTeamCountry "AUT"]

1. Nf3 g6 2. d4 Nf6 3. c4 Bg7 4. g3 O-O 5. Bg2 c5 6. Nc3 cxd4 7. Nxd4 Nc6 8.
O-O Ng4 9. e3 d6 10. Nde2 Qa5 11. Nd5 Rb8 12. Bd2 Qd8 13. Bc3 Nge5 14. Rc1 a5
15. b3 e6 16. Ndf4 b6 17. Qd2 Qc7 18. Rfd1 Rd8 19. Bb2 Bb7 20. Nd5 Qd7 21. Nxb6
Qe7 22. Na4 Nb4 23. Bxb7 Qxb7 24. Bxe5 dxe5 25. Qe1 Nxa2 26. Rxd8+ Rxd8 27. Rd1
Rxd1 28. Qxd1 Bf8 29. Nec3 Nb4 30. f3 Kg7 31. Kf2 h5 32. Ke2 Na6 33. Ne4 Be7
34. Qd3 f5 35. Nf2 Nb4 36. Qd1 Kf7 37. Qd2 Nc6 38. Qd1 Nb4 39. Qd2 Nc6 40. Qc3
Qd7 41. Nd3 Bf6 42. Ndc5 Qc7 43. Qd2 h4 44. Kf2 Be7 45. Qd7 hxg3+ 46. hxg3 Qxd7
47. Nxd7 Bb4 48. Ndc5 g5 49. Nd3 Ke7 50. Ke2 Kd6 51. Nf2 Ke7 52. Nd3 Kd6 53.
Nab2 Bc5 54. Nxc5 Kxc5 55. Nd3+ Kd6 56. Kd2 f4 57. c5+ Kd5 58. exf4 gxf4 59.
gxf4 Nd4 60. Kc3 Ne2+ 61. Kd2 Nxf4 62. c6 Kxc6 63. Nxe5+ Kc5 64. Nd3+ Nxd3 65.
Kxd3 Kb4 66. Kc2 1/2-1/2

[Event "Mitropa Cup 24th"]
[Site "Steinbrunn"]
[Date "2005.05.25"]
[Round "5"]
[White "Jankovic, Alojzije"]
[Black "Laznicka, Viktor"]
[Result "1-0"]
[WhiteElo "2480"]
[BlackElo "2480"]
[PlyCount "71"]
[EventDate "2005.05.21"]
[EventType "team-tourn"]
[EventRounds "9"]
[EventCountry "AUT"]
[Source "ChessBase"]
[SourceDate "2005.07.01"]
[WhiteTeam "Croatia"]
[BlackTeam "Czech Republic"]
[WhiteTeamCountry "CRO"]
[BlackTeamCountry "CZE"]

1. d4 Nf6 2. c4 e6 3. Nf3 b6 4. a3 Bb7 5. Nc3 d5 6. cxd5 Nxd5 7. Qc2 Nxc3 8.
bxc3 Nd7 9. e4 c5 10. Bf4 Be7 11. d5 exd5 12. exd5 O-O 13. Rd1 Re8 14. Be2 Bf6
15. O-O Ne5 16. Rfe1 Nxf3+ 17. Bxf3 Qd7 18. Be4 g6 19. d6 Rxe4 20. Rxe4 Qf5 21.
Rde1 Bxe4 22. Rxe4 Kg7 23. f3 c4 24. Qd2 g5 25. Be3 Rd8 26. Kf2 h6 27. h4 Qd7
28. hxg5 hxg5 29. Bd4 Bxd4+ 30. Qxd4+ Kg6 31. Qxc4 Qf5 32. Qd3 Kg7 33. Qd4+ Qf6
34. d7 Kg6 35. Qd3 Kg7 36. Re8 1-0

[Event "Mitropa Cup 24th"]
[Site "Steinbrunn"]
[Date "2005.05.25"]
[Round "5"]
[White "Klima, Lukas"]
[Black "Brkic, Ante"]
[Result "0-1"]
[WhiteElo "2489"]
[BlackElo "2477"]
[PlyCount "84"]
[EventDate "2005.05.21"]
[EventType "team-tourn"]
[EventRounds "9"]
[EventCountry "AUT"]
[Source "ChessBase"]
[SourceDate "2005.07.01"]
[WhiteTeam "Czech Republic"]
[BlackTeam "Croatia"]
[WhiteTeamCountry "CZE"]
[BlackTeamCountry "CRO"]

1. e4 c5 2. Nf3 d6 3. d4 cxd4 4. Nxd4 Nf6 5. Nc3 a6 6. Be2 e5 7. Nb3 Be7 8. O-O
O-O 9. Be3 Be6 10. Qd2 Nbd7 11. Rfd1 b5 12. a4 b4 13. Nd5 Nxd5 14. exd5 Bf5 15.
a5 Qc7 16. Rdc1 Nf6 17. Bf3 Qb7 18. Rd1 Rfc8 19. Rac1 Bd8 20. h3 h6 21. Kh2
Rab8 22. g3 Qd7 23. Bg2 Rb5 24. f4 exf4 25. Bxf4 Be4 26. Bxe4 Nxe4 27. Qe2 Nf6
28. Nd4 Rxa5 29. Nc6 Rb5 30. Re1 Rxd5 31. Nxb4 Rh5 32. h4 a5 33. Nd3 g5 34. Bd2
gxh4 35. g4 Nxg4+ 36. Kh1 Qc6+ 37. Qg2 Qxg2+ 38. Kxg2 Ne5 39. Kh3 Nxd3 40. Re8+
Kh7 41. Rf1 Rxc2 42. Be3 Re5 0-1

[Event "Mitropa Cup 24th"]
[Site "Steinbrunn"]
[Date "2005.05.25"]
[Round "5"]
[White "Kuljasevic, Davorin"]
[Black "Konopka, Michal"]
[Result "1/2-1/2"]
[WhiteElo "2408"]
[BlackElo "2459"]
[PlyCount "53"]
[EventDate "2005.05.21"]
[EventType "team-tourn"]
[EventRounds "9"]
[EventCountry "AUT"]
[Source "ChessBase"]
[SourceDate "2005.07.01"]
[WhiteTeam "Croatia"]
[BlackTeam "Czech Republic"]
[WhiteTeamCountry "CRO"]
[BlackTeamCountry "CZE"]

1. d4 Nf6 2. Nf3 g6 3. c4 Bg7 4. g3 O-O 5. Bg2 c6 6. Nc3 d5 7. cxd5 cxd5 8. Ne5
e6 9. O-O Nfd7 10. f4 Nc6 11. Be3 f6 12. Nf3 Nb6 13. Bf2 f5 14. Ne5 Bd7 15. Rc1
Qe7 16. Qd2 Rfc8 17. h3 Be8 18. Bf3 Rc7 19. Rfd1 Rac8 20. b3 Nxe5 21. dxe5 Qa3
22. Be3 Bf8 23. Nb1 Qb4 24. Qxb4 Bxb4 25. Rxc7 Rxc7 26. Rc1 Rxc1+ 27. Bxc1
1/2-1/2

[Event "Mitropa Cup 24th"]
[Site "Steinbrunn"]
[Date "2005.05.25"]
[Round "5"]
[White "Stocek, Jiri"]
[Black "Kovacevic, Blazimir"]
[Result "1/2-1/2"]
[WhiteElo "2585"]
[BlackElo "2510"]
[PlyCount "41"]
[EventDate "2005.05.21"]
[EventType "team-tourn"]
[EventRounds "9"]
[EventCountry "AUT"]
[Source "ChessBase"]
[SourceDate "2005.07.01"]
[WhiteTeam "Czech Republic"]
[BlackTeam "Croatia"]
[WhiteTeamCountry "CZE"]
[BlackTeamCountry "CRO"]

1. c4 e6 2. Nf3 Nf6 3. d4 d5 4. Nc3 Nbd7 5. Bg5 c6 6. e3 Qa5 7. cxd5 Nxd5 8.
Qd2 Bb4 9. Rc1 h6 10. Bh4 c5 11. Bd3 cxd4 12. exd4 b6 13. O-O Bb7 14. Bb5 Qxb5
15. Nxb5 Bxd2 16. Nd6+ Kf8 17. Nxd2 Ba6 18. Rfe1 g5 19. Bg3 Kg7 20. Nf3 Rhd8
21. h4 1/2-1/2

[Event "Mitropa Cup 24th"]
[Site "Steinbrunn"]
[Date "2005.05.25"]
[Round "5"]
[White "Guidarelli, Laurent"]
[Black "Sermek, Drazen"]
[Result "1-0"]
[WhiteElo "2448"]
[BlackElo "2555"]
[PlyCount "135"]
[EventDate "2005.05.21"]
[EventType "team-tourn"]
[EventRounds "9"]
[EventCountry "AUT"]
[Source "ChessBase"]
[SourceDate "2005.07.01"]
[WhiteTeam "France"]
[BlackTeam "Slovenia"]
[WhiteTeamCountry "FRA"]
[BlackTeamCountry "SLO"]

1. Nf3 c5 2. c4 g6 3. d4 Bg7 4. d5 b5 5. cxb5 a6 6. bxa6 Bxa6 7. Nc3 d6 8. g3
Nd7 9. Bg2 Nb6 10. O-O Nf6 11. Re1 O-O 12. a4 Nc4 13. Rb1 Qa5 14. Qc2 Nd7 15.
Na2 Bb7 16. Qxc4 Ne5 17. b4 Nxc4 18. bxa5 Bxd5 19. e4 Be6 20. Ng5 Bd7 21. e5
Rxa5 22. exd6 Nxd6 23. Bb2 Bf5 24. Bxg7 Kxg7 25. Rbc1 Rxa4 26. Nc3 Ra7 27. Nge4
Bxe4 28. Bxe4 Rc8 29. Rc2 h5 30. h4 Kf8 31. Rec1 e6 32. Bg2 Ke7 33. Ne2 Ra5 34.
Nf4 Nf5 35. Bh3 Nd4 36. Rc4 Nf3+ 37. Kg2 Ne5 38. Re4 c4 39. Re3 Rcc5 40. Kg1
Ra2 41. Bf1 Kf6 42. Rec3 Ra7 43. Ng2 Ke7 44. Be2 Ra2 45. Bxc4 Rb2 46. Ne3 f6
47. Kg2 g5 48. Bf1 Rxc3 49. Rxc3 gxh4 50. gxh4 Ng6 51. Kg3 f5 52. Ng2 f4+ 53.
Kf3 Kf6 54. Ba6 Ne5+ 55. Kxf4 Rxf2+ 56. Kg3 Ra2 57. Bb7 Rb2 58. Bf3 Ng6 59. Rc5
Rb3 60. Kf2 Ne5 61. Be2 Rb4 62. Ra5 Ng6 63. Rxh5 e5 64. Rh7 Rb2 65. h5 Nf8 66.
Rh6+ Kg5 67. Rd6 Nh7 68. Rg6+ 1-0

[Event "Mitropa Cup 24th"]
[Site "Steinbrunn"]
[Date "2005.05.25"]
[Round "5"]
[White "Mikhalchishin, Adrian"]
[Black "Wirig, Anthony"]
[Result "1/2-1/2"]
[WhiteElo "2525"]
[BlackElo "2409"]
[PlyCount "36"]
[EventDate "2005.05.21"]
[EventType "team-tourn"]
[EventRounds "9"]
[EventCountry "AUT"]
[Source "ChessBase"]
[SourceDate "2005.07.01"]
[WhiteTeam "Slovenia"]
[BlackTeam "France"]
[WhiteTeamCountry "SLO"]
[BlackTeamCountry "FRA"]

1. d4 Nf6 2. Nf3 c5 3. c4 cxd4 4. Nxd4 e5 5. Nb5 d5 6. cxd5 Qa5+ 7. N5c3 b5 8.
e3 b4 9. Qa4+ Qxa4 10. Nxa4 Bd7 11. b3 Nxd5 12. Bb2 f6 13. Nd2 Nb6 14. Nxb6
axb6 15. Bc4 Bc6 16. O-O Nd7 17. Rfc1 Bc5 18. Nb1 Ke7 1/2-1/2

[Event "Mitropa Cup 24th"]
[Site "Steinbrunn"]
[Date "2005.05.25"]
[Round "5"]
[White "Pavasovic, Dusko"]
[Black "Abergel, Thal"]
[Result "1/2-1/2"]
[WhiteElo "2593"]
[BlackElo "2456"]
[PlyCount "22"]
[EventDate "2005.05.21"]
[EventType "team-tourn"]
[EventRounds "9"]
[EventCountry "AUT"]
[Source "ChessBase"]
[SourceDate "2005.07.01"]
[WhiteTeam "Slovenia"]
[BlackTeam "France"]
[WhiteTeamCountry "SLO"]
[BlackTeamCountry "FRA"]

1. e4 c5 2. c3 d5 3. exd5 Qxd5 4. d4 Nf6 5. Nf3 Bg4 6. dxc5 Qxd1+ 7. Kxd1 Nc6
8. b4 a5 9. Bb5 g6 10. Kc2 Bf5+ 11. Kb2 axb4 1/2-1/2

[Event "Mitropa Cup 24th"]
[Site "Steinbrunn"]
[Date "2005.05.25"]
[Round "5"]
[White "Meszaros, Michal"]
[Black "Hochstrasser, Michael"]
[Result "1-0"]
[WhiteElo "2354"]
[BlackElo "2365"]
[PlyCount "57"]
[EventDate "2005.05.21"]
[EventType "team-tourn"]
[EventRounds "9"]
[EventCountry "AUT"]
[Source "ChessBase"]
[SourceDate "2005.07.01"]
[WhiteTeam "Slovakia"]
[BlackTeam "Switzerland"]
[WhiteTeamCountry "SVK"]
[BlackTeamCountry "SUI"]

1. e4 d6 2. d4 Nf6 3. Nc3 g6 4. Be3 c6 5. h3 Nbd7 6. f4 b5 7. a3 a6 8. Bd3 Bg7
9. Nf3 O-O 10. O-O Bb7 11. e5 Nd5 12. Nxd5 cxd5 13. Ng5 e6 14. Qg4 Qe7 15. h4
f5 16. exf6 Rxf6 17. h5 h6 18. Nf3 gxh5 19. Qxh5 Qf7 20. Qh3 Re8 21. Ng5 Qe7
22. Nh7 Rf5 23. g4 Kxh7 24. gxf5 Kh8 25. Rae1 Nf6 26. fxe6 Ne4 27. Bxe4 dxe4
28. f5 Rg8 29. Kh2 1-0

[Event "Mitropa Cup 24th"]
[Site "Steinbrunn"]
[Date "2005.05.25"]
[Round "5"]
[White "Moor, Olivier"]
[Black "Repkova, Eva"]
[Result "0-1"]
[WhiteElo "2387"]
[BlackElo "2392"]
[PlyCount "62"]
[EventDate "2005.05.21"]
[EventType "team-tourn"]
[EventRounds "9"]
[EventCountry "AUT"]
[Source "ChessBase"]
[SourceDate "2005.07.01"]
[WhiteTeam "Switzerland"]
[BlackTeam "Slovakia"]
[WhiteTeamCountry "SUI"]
[BlackTeamCountry "SVK"]

1. d4 d5 2. c4 e6 3. Nc3 Nf6 4. Nf3 c5 5. cxd5 cxd4 6. Qa4+ Nbd7 7. Nxd4 Nxd5
8. Nxd5 exd5 9. g3 Qb6 10. Bd2 Bc5 11. Bc3 O-O 12. Bg2 Nf6 13. Rd1 Bd7 14. Qb3
Rae8 15. Qxb6 axb6 16. b4 Bd6 17. a3 Ba4 18. Rc1 Ne4 19. Ba1 Be5 20. Nf5 Bxa1
21. Rxa1 g6 22. Nd4 Rc8 23. O-O Rc4 24. e3 Rfc8 25. h4 Kf8 26. Rfe1 Ke7 27. g4
Rc3 28. Bf1 Bd7 29. Be2 Ra8 30. Rec1 Raxa3 31. Rxc3 Rxa1+ 0-1

[Event "Mitropa Cup 24th"]
[Site "Steinbrunn"]
[Date "2005.05.25"]
[Round "5"]
[White "Zueger, Beat"]
[Black "Mrva, Martin"]
[Result "1-0"]
[WhiteElo "2420"]
[BlackElo "2512"]
[PlyCount "135"]
[EventDate "2005.05.21"]
[EventType "team-tourn"]
[EventRounds "9"]
[EventCountry "AUT"]
[Source "ChessBase"]
[SourceDate "2005.07.01"]
[WhiteTeam "Switzerland"]
[BlackTeam "Slovakia"]
[WhiteTeamCountry "SUI"]
[BlackTeamCountry "SVK"]

1. c4 d6 2. Nc3 Nf6 3. g3 Bg4 4. Bg2 Qc8 5. h3 Bd7 6. d3 g6 7. e4 Bg7 8. Be3
O-O 9. Qd2 c5 10. Bh6 Nc6 11. Nge2 e5 12. Bxg7 Kxg7 13. f4 Ng8 14. g4 Qd8 15.
O-O-O Nd4 16. f5 Qh4 17. Kb1 Rab8 18. Rhf1 b5 19. Nxd4 cxd4 20. Nxb5 Bxb5 21.
cxb5 Rxb5 22. Rc1 Rfb8 23. Rc2 g5 24. f6+ Nxf6 25. Rf5 Ng8 26. Rxg5+ Kh8 27.
Rf5 R5b7 28. Qf2 Qxf2 29. Rfxf2 Kg7 30. Rc6 Rd8 31. Rfc2 Ne7 32. Rc7 Rd7 33.
Rxd7 Rxd7 34. b4 Rb7 35. a3 Ng6 36. Kb2 Nf4 37. Bf1 Kf6 38. Kb3 Ke7 39. Rc8 Ne6
40. a4 Kd7 41. Rc2 a5 42. Rc4 f6 43. Ka3 Nf4 44. bxa5 Ra7 45. Kb4 Ne6 46. Rc2
Nc5 47. Rf2 Ke6 48. Rb2 Kf7 49. Rf2 Kg6 50. Kb5 Ra8 51. h4 Nb3 52. Kb6 Nxa5 53.
Kc7 Nb3 54. Ra2 Ra6 55. Ra3 Na5 56. Ra2 Kf7 57. Rb2 Ke7 58. Rb6 Ra8 59. Be2 Rd8
60. Rb5 Rd7+ 61. Kb6 Nb7 62. a5 Nc5 63. a6 Na4+ 64. Kc6 Ke6 65. Rb7 Rd8 66. g5
f5 67. Bh5 fxe4 68. Bg4# 1-0